Govt. of
Madhya Pradesh

Normal view MARC view

Entry Topical Term

Number of records used in: 1

001 - CONTROL NUMBER

  • control field: 81995

003 - CONTROL NUMBER IDENTIFIER

  • control field: OSt

005 - DATE AND TIME OF LATEST TRANSACTION

  • control field: 20231029141740.0

008 - FIXED-LENGTH DATA ELEMENTS

  • fixed length control field: 231029|| aca||aabn | a|a d

040 ## - CATALOGING SOURCE

  • Original cataloging agency: OSt
  • Transcribing agency: OSt

150 ## - HEADING--TOPICAL TERM

  • Topical term or geographic name entry element: सामान्‍य ज्ञाान

670 ## - SOURCE DATA FOUND

  • Source citation: Work cat.: (OSt)66281: नागर,राकेश 81944, MPPSC MAINS साॅॅल्‍व्‍ड पेपर्स 1989-2020, 2023